<?xml version="1.0" encoding="UTF-8"?>
<marc:record xmlns:marc="http://www.loc.gov/MARC21/slim">
   <marc:leader>00000nam a2200000 a 4500</marc:leader>
   <marc:datafield ind1="1" ind2=" " tag="100">
      <marc:subfield code="a">Frank, Sylvia</marc:subfield>
      <marc:subfield code="4">aut</marc:subfield>
      <marc:subfield code="e">Verfasser/-in</marc:subfield>
   </marc:datafield>
   <marc:datafield ind1=" " ind2=" " tag="653">
      <marc:subfield code="a">Frauen</marc:subfield>
   </marc:datafield>
   <marc:datafield ind1=" " ind2=" " tag="653">
      <marc:subfield code="a">Spanien</marc:subfield>
   </marc:datafield>
   <marc:datafield ind1=" " ind2=" " tag="653">
      <marc:subfield code="a">Kunst</marc:subfield>
   </marc:datafield>
   <marc:datafield ind1=" " ind2=" " tag="653">
      <marc:subfield code="a">Liebespaare</marc:subfield>
   </marc:datafield>
   <marc:datafield ind1=" " ind2=" " tag="653">
      <marc:subfield code="a">Kunstgeschichte</marc:subfield>
   </marc:datafield>
   <marc:datafield ind1="0" ind2="0" tag="245">
      <marc:subfield code="a">Gala und Dalí</marc:subfield>
   </marc:datafield>
   <marc:datafield ind1="0" ind2="0" tag="245">
      <marc:subfield code="b">die Unzertrennlichen : Roman</marc:subfield>
   </marc:datafield>
   <marc:datafield ind1=" " ind2="1" tag="264">
      <marc:subfield code="b">Aufbau Taschenbuch</marc:subfield>
      <marc:subfield code="c">2022</marc:subfield>
   </marc:datafield>
   <marc:datafield ind1="1" ind2=" " tag="490">
      <marc:subfield code="a">Berühmte Paare große Geschichten</marc:subfield>
   </marc:datafield>
   <marc:datafield ind1="1" ind2=" " tag="520">
      <marc:subfield code="a">Angaben aus der Verlagsmeldung        Gala und Dalí  Die Unzertrennlichen : Roman / von Sylvia Frank           »Das Leben ist zu kurz, um unbemerkt zu bleiben.«      Spanien, 1929: Gala begleitet ihren Mann, den Dichter Paul Éluard, in den Fischerort Cadaqués, wo er einen jungen Künstler namens Salvador treffen will, der bald in Paris ausstellen soll. Als Gala den zehn Jahre jüngeren Künstler kennenlernt, ist sie fasziniert von seinem eigenwilligen Auftreten. Er öffnet ihr immer mehr den Blick für seine Welt  und hat dabei nur Augen für sie, Gala. Die aufkeimende Liebe zwischen den beiden bleibt Paul nicht verborgen, und er stellt Gala vor eine Entscheidung. Schweren Herzens beschließt sie, mit ihm und der gemeinsamen Tochter nach Paris zurückzukehren  doch sie kann Salvador nicht vergessen ...          Die bewegende Liebesgeschichte von Gala und Salvador Dalí  ein ungleiches Paar, das alle Widerstände überwindet und sich für ein gemeinsames Leben für die Kunst entscheidet</marc:subfield>
   </marc:datafield>
   <marc:datafield ind1="3" ind2=" " tag="024">
      <marc:subfield code="a">9783746638720</marc:subfield>
   </marc:datafield>
</marc:record>
